000 00531nam a2200217Ia 4500
003 OSt
005 20220928144947.0
006 a|||||r|||| 00| 0
007 ta
008 220927b |||||||| |||| 00| 0 eng d
024 _a77451
037 _cTextual
040 _aSDCL
_cSDCL
_beng
041 _2eng
_aeng
082 _aX:51:f, JO
100 _aDelens A H R
_9510644
245 0 _aPrinciples of market research.
260 _c1950
942 _hX:51:f, JO
_cTEXL
_2CC
999 _c830781
_d830781